Bailout bypass surgery for complications of coronary interventions
Saved in:
| Main Authors: | , , , , , , , |
|---|---|
| Format: | Article (Journal) |
| Language: | English |
| Published: |
2020
|
| In: |
Asian cardiovascular & thoracic annals
Year: 2020, Volume: 28, Issue: 4, Pages: 205-212 |
| ISSN: | 1816-5370 |
| DOI: | 10.1177/0218492320919200 |
| Online Access: | Resolving-System, lizenzpflichtig: https://doi.org/10.1177/0218492320919200 |
| Author Notes: | Marcin P. Szczechowicz, Sabreen Mkalaluh, Saeed Torabi, Konstantin Zhigalov, Ahmed Mashhour, Matthias Karck, Jerry Easo, Alexander Weymann |
MARC
| LEADER | 00000caa a2200000 c 4500 | ||
|---|---|---|---|
| 001 | 1756569916 | ||
| 003 | DE-627 | ||
| 005 | 20220819190607.0 | ||
| 007 | cr uuu---uuuuu | ||
| 008 | 210429s2020 xx |||||o 00| ||eng c | ||
| 024 | 7 | |a 10.1177/0218492320919200 |2 doi | |
| 035 | |a (DE-627)1756569916 | ||
| 035 | |a (DE-599)KXP1756569916 | ||
| 035 | |a (OCoLC)1341407394 | ||
| 040 | |a DE-627 |b ger |c DE-627 |e rda | ||
| 041 | |a eng | ||
| 084 | |a 33 |2 sdnb | ||
| 100 | 1 | |a Szczechowicz, Marcin |d 1985- |e VerfasserIn |0 (DE-588)1155939999 |0 (DE-627)1018494782 |0 (DE-576)501943021 |4 aut | |
| 245 | 1 | 0 | |a Bailout bypass surgery for complications of coronary interventions |c Marcin P. Szczechowicz, Sabreen Mkalaluh, Saeed Torabi, Konstantin Zhigalov, Ahmed Mashhour, Matthias Karck, Jerry Easo, Alexander Weymann |
| 264 | 1 | |c 2020 | |
| 300 | |a 8 | ||
| 336 | |a Text |b txt |2 rdacontent | ||
| 337 | |a Computermedien |b c |2 rdamedia | ||
| 338 | |a Online-Ressource |b cr |2 rdacarrier | ||
| 700 | 1 | |a Mkalaluh, Sabreen |e VerfasserIn |0 (DE-588)1155938844 |0 (DE-627)1018493549 |0 (DE-576)501942157 |4 aut | |
| 700 | 1 | |a Torabi, Saeed |d 1983- |e VerfasserIn |0 (DE-588)115594397X |0 (DE-627)1018499822 |0 (DE-576)501947221 |4 aut | |
| 700 | 1 | |a Zhigalov, Konstantin |e VerfasserIn |0 (DE-588)116760363X |0 (DE-627)1031197354 |0 (DE-576)51121152X |4 aut | |
| 700 | 1 | |a Mashhour, Ahmed |d 1985- |e VerfasserIn |0 (DE-588)1186745460 |0 (DE-627)1666029300 |4 aut | |
| 700 | 1 | |a Karck, Matthias |d 1961- |e VerfasserIn |0 (DE-588)130833525 |0 (DE-627)505909340 |0 (DE-576)298366169 |4 aut | |
| 700 | 1 | |a Easo, Jerry |d 1977- |e VerfasserIn |0 (DE-588)132053020 |0 (DE-627)690333250 |0 (DE-576)298917173 |4 aut | |
| 700 | 1 | |a Weymann, Alexander |e VerfasserIn |0 (DE-588)1051122651 |0 (DE-627)785827102 |0 (DE-576)40592657X |4 aut | |
| 773 | 0 | 8 | |i Enthalten in |t Asian cardiovascular & thoracic annals |d London : Sage, 1993 |g 28(2020), 4, Seite 205-212 |h Online-Ressource |w (DE-627)327961732 |w (DE-600)2044527-1 |w (DE-576)315300817 |x 1816-5370 |7 nnas |a Bailout bypass surgery for complications of coronary interventions |
| 773 | 1 | 8 | |g volume:28 |g year:2020 |g number:4 |g pages:205-212 |g extent:8 |a Bailout bypass surgery for complications of coronary interventions |
| 856 | 4 | 0 | |u https://doi.org/10.1177/0218492320919200 |x Resolving-System |z lizenzpflichtig |
| 951 | |a AR | ||
| 992 | |a 20220118 | ||
| 993 | |a Article | ||
| 994 | |a 2020 | ||
| 998 | |g 1051122651 |a Weymann, Alexander |m 1051122651:Weymann, Alexander |d 50000 |e 50000PW1051122651 |k 0/50000/ |p 8 |y j | ||
| 998 | |g 130833525 |a Karck, Matthias |m 130833525:Karck, Matthias |d 910000 |d 910200 |e 910000PK130833525 |e 910200PK130833525 |k 0/910000/ |k 1/910000/910200/ |p 6 | ||
| 998 | |g 115594397X |a Torabi, Saeed |m 115594397X:Torabi, Saeed |d 50000 |e 50000PT115594397X |k 0/50000/ |p 3 | ||
| 998 | |g 1155938844 |a Mkalaluh, Sabreen |m 1155938844:Mkalaluh, Sabreen |d 910000 |d 910200 |e 910000PM1155938844 |e 910200PM1155938844 |k 0/910000/ |k 1/910000/910200/ |p 2 | ||
| 998 | |g 1155939999 |a Szczechowicz, Marcin |m 1155939999:Szczechowicz, Marcin |d 50000 |e 50000PS1155939999 |k 0/50000/ |p 1 |x j | ||
| 999 | |a KXP-PPN1756569916 |e 4037624966 | ||
| BIB | |a Y | ||
| SER | |a journal | ||
| JSO | |a {"physDesc":[{"extent":"8 S."}],"id":{"eki":["1756569916"],"doi":["10.1177/0218492320919200"]},"name":{"displayForm":["Marcin P. Szczechowicz, Sabreen Mkalaluh, Saeed Torabi, Konstantin Zhigalov, Ahmed Mashhour, Matthias Karck, Jerry Easo, Alexander Weymann"]},"title":[{"title_sort":"Bailout bypass surgery for complications of coronary interventions","title":"Bailout bypass surgery for complications of coronary interventions"}],"person":[{"display":"Szczechowicz, Marcin","role":"aut","family":"Szczechowicz","given":"Marcin"},{"given":"Sabreen","family":"Mkalaluh","display":"Mkalaluh, Sabreen","role":"aut"},{"role":"aut","display":"Torabi, Saeed","given":"Saeed","family":"Torabi"},{"family":"Zhigalov","given":"Konstantin","role":"aut","display":"Zhigalov, Konstantin"},{"display":"Mashhour, Ahmed","role":"aut","family":"Mashhour","given":"Ahmed"},{"role":"aut","display":"Karck, Matthias","given":"Matthias","family":"Karck"},{"family":"Easo","given":"Jerry","role":"aut","display":"Easo, Jerry"},{"given":"Alexander","family":"Weymann","role":"aut","display":"Weymann, Alexander"}],"origin":[{"dateIssuedKey":"2020","dateIssuedDisp":"2020"}],"relHost":[{"language":["eng"],"type":{"bibl":"periodical","media":"Online-Ressource"},"note":["Gesehen am 13.06.17"],"recId":"327961732","titleAlt":[{"title":"Asian cardiovascular and thoracic annals"},{"title":"Asian annals"}],"disp":"Bailout bypass surgery for complications of coronary interventionsAsian cardiovascular & thoracic annals","part":{"text":"28(2020), 4, Seite 205-212","year":"2020","extent":"8","volume":"28","pages":"205-212","issue":"4"},"origin":[{"publisherPlace":"London ; Singapore","publisher":"Sage ; Asia Publ. Exchange","dateIssuedDisp":"1993-","dateIssuedKey":"1993"}],"title":[{"title_sort":"Asian cardiovascular & thoracic annals","title":"Asian cardiovascular & thoracic annals","subtitle":"official journal of The Asian Society for Cardiovascular Surgery (ASCVS)"}],"pubHistory":["1.1993,3 -"],"id":{"zdb":["2044527-1"],"eki":["327961732"],"issn":["1816-5370"]},"physDesc":[{"extent":"Online-Ressource"}]}],"language":["eng"],"type":{"bibl":"article-journal","media":"Online-Ressource"},"recId":"1756569916"} | ||
| SRT | |a SZCZECHOWIBAILOUTBYP2020 | ||